| 000 | 00398nam a2200133Ia 4500 | ||
|---|---|---|---|
| 008 | 210210b1991 xxu||||| |||| 00| 0 eng d | ||
| 082 | _a346.016 PINL | ||
| 100 | _aPINTO (William E). | ||
| 245 | _aLaw of marriage and matrimonial reliefs for christians in India. | ||
| 260 |
_aBangalore _bTheological Publication in India _c1991 |
||
| 300 | _axxxviii,381 | ||
| 690 | _aMarriage Law | ||
| 906 | _a046653 | ||
| 999 |
_c96103 _d96103 |
||